| 000 | 00607nam a2200205 a 4500 | ||
|---|---|---|---|
| 001 | 000035036 | ||
| 005 | 20200930074049.0 | ||
| 008 | 111024s20uu xx 000 0 spa d | ||
| 040 |
_aDO-SdBNP _bspa _cBNPHU |
||
| 082 |
_a613.96 _bG778m |
||
| 100 | 1 |
_aGray, John _d1951 _960670 |
|
| 245 | 1 | 0 |
_aMarte y venus en la alcoba / _cJohn Gray ; truducción Edich Zilli. |
| 260 |
_a[s. l. : _bs.n., _cs, f]. |
||
| 300 |
_a206 p. ; _c21 cm. |
||
| 650 | 4 |
_aSexo _91690 |
|
| 650 | 4 |
_aIntimidad (psicología) _935046 |
|
| 700 | 1 | 2 |
_aZilli, Edich _etr. _960671 |
| 910 | _aValidado. Control de calidad MFF | ||
| 049 | _aBNPD | ||
| 999 |
_c34527 _d34527 |
||